|
|
|
|
| LEADER |
01734nam a2200445 a 4500 |
| 001 |
nkc20142542046 |
| 003 |
CZ PrNK |
| 005 |
20170725151541.0 |
| 007 |
ta |
| 008 |
140129s2013 xr c g 000 f cze |
| 015 |
|
|
|a cnb002542046
|
| 020 |
|
|
|a 978-80-87260-48-7
|q (váz.)
|
| 035 |
|
|
|a (OCoLC)872341668
|
| 040 |
|
|
|a ABA001
|b cze
|
| 041 |
1 |
|
|a cze
|h ger
|
| 072 |
|
7 |
|a 821.112.2-3
|x Německá próza, německy psaná
|2 Konspekt
|9 25
|
| 080 |
|
|
|a 821.112.2(437.3)-3
|2 MRF
|
| 080 |
|
|
|a (0:82-3)
|2 MRF
|
| 080 |
|
|
|a (082.21)
|2 MRF
|
| 080 |
|
|
|a (0.072)
|2 MRF
|
| 100 |
1 |
|
|a Rilke, Rainer Maria,
|d 1875-1926
|7 jn19990007038
|4 aut
|
| 245 |
1 |
0 |
|a Tichý doprovod a jiné prózy /
|c Rainer Maria Rilke ; [z německých originálů přeložili Milan Tvrdík a Viera Glosíková ; editorka svazku, autorka předmluvy a Rilkova medailonu Viera Glosíková]
|
| 246 |
1 |
|
|i Podnázev v tiráži:
|a Výbor z díla R.M. Rilka, svazek II
|
| 250 |
|
|
|a 1. vyd.
|
| 260 |
|
|
|a Praha :
|b Labyrint,
|c 2013
|
| 300 |
|
|
|a 339 s. :
|b 1 portrét ;
|c 19 cm
|
| 504 |
|
|
|a Obsahuje bibliografické odkazy
|
| 655 |
|
7 |
|a německy psané prózy
|7 fd132935
|2 czenas
|
| 655 |
|
7 |
|a výbory
|7 fd133853
|2 czenas
|
| 655 |
|
7 |
|a komentovaná vydání
|7 fd132577
|2 czenas
|
| 655 |
|
9 |
|a prose in German
|2 eczenas
|
| 655 |
|
9 |
|a selected works
|2 eczenas
|
| 655 |
|
9 |
|a annotated editions
|2 eczenas
|
| 700 |
1 |
|
|a Glosíková, Viera
|7 jn20010309042
|4 trl
|4 edt
|4 wfw
|
| 910 |
2 |
|
|a BOA001
|b 1-1322.985
|
| 990 |
|
|
|a BK
|
| 995 |
|
|
|a 01
|
| 991 |
|
|
|b 201403
|c NOV
|e b
|
| 996 |
6 |
|
|b 2610584642
|c 1-1322.985
|l MZK
|r Sklad / do 1 hodiny
|n 0
|p p.v.
|w 001406921
|u 000010
|a 1
|e BOA001
|j MZK50
|s P
|
| 996 |
7 |
|
|b 2610601067
|c 1-1322.985
|l MZK
|r Sklad / do 1 hodiny
|n 5
|p kup
|w 001406921
|u 000020
|a 1
|e BOA001
|j MZK50
|s A
|